Quelle ville ? Images - Statistiques

Statistiques générales
  • Ce quiz a été pris 237 fois
  • Le résultat moyen est 10 sur 12
Statistiques - réponses
Par images Hint Réponse % Correct
Paris
100%
Londres
98%
Athènes
96%
New York
96%
Sydney
95%
Tokyo
91%
Los Angeles
89%
Berlin
83%
Madrid
78%
Toronto
57%
Rio de Janeiro
44%
Agra
39%
Aucun quiz correspondant
Distribution des résultats
% des personnes avec chaque résultat
Percentile par nombre de réponses
Votre historique - résultats
Vous n’avez pas pris ce quiz